| 000 | 01007nam a2200277 a 4500 | ||
|---|---|---|---|
| 001 | 56410 | ||
| 003 | BD-RjUL | ||
| 005 | 20211209080407.0 | ||
| 008 | 161129s1987 ii a bb f000 0 eng | ||
| 035 | _a(BD-RjUL)56534 | ||
| 040 |
_aDLC _cDLC _dBD-RjUL _beng |
||
| 041 | _aeng | ||
| 082 |
_223 _a320.8095492 _bAHD 1987 |
||
| 100 | 1 |
_aAhmed, Tofail. _9167787 |
|
| 245 | 1 | 0 |
_aDecentralisation and people's participation in Bangladesh : _ba political perspective / _cTofail Ahmed. |
| 260 |
_aComilla : _bBangladesh Academy for Rural Development, _c[1987] |
||
| 300 |
_aviii, 117 p. : _bill. ; _c22 cm. |
||
| 504 | _aIncludes bibliographical references (p. 107-117). | ||
| 650 | 0 |
_aDecentralization in government _zBangladesh. _9167588 |
|
| 650 | 0 |
_aLocal government _zBangladesh. _9167788 |
|
| 710 | 2 |
_aBangladesh Academy for Rural Development. _9167563 |
|
| 740 | 0 | _aDecentralization and people's participation in Bangladesh. | |
| 942 |
_2ddc _cBK |
||
| 999 |
_c56410 _d56410 |
||